An analytical calculus for school and university
Αποθηκεύτηκε σε:
| Κύριος συγγραφέας: | |
|---|---|
| Μορφή: | Βιβλίο |
| Γλώσσα: | English |
| Δημοσίευση: |
Cambridge:
University Press,
c1966-1968.
|
| Θέματα: | |
| Ετικέτες: |
Προσθήκη ετικέτας
Δεν υπάρχουν, Καταχωρήστε ετικέτα πρώτοι!
|
MARC
| LEADER | 00000nam a2200000 a 4500 | ||
|---|---|---|---|
| 001 | 1/111764 | ||
| 008 | 160908m19661968uk | ||| |||| ||eng|| | ||
| 020 | |a 9780521090353 |q (χαρτόδετο) |q (τ.1) | ||
| 020 | |a 9780521090360 |q (χαρτόδετο) |q (τ.2) | ||
| 020 | |a 9780521090377 |q (χαρτόδετο) |q (τ.3) | ||
| 020 | |a 9780521090414 |q (χαρτόδετο) |q (τ.4) | ||
| 040 | |a GR-MyUa |b gre |c GR-MyUa |e AACR2 | ||
| 041 | 0 | |a eng | |
| 082 | 7 | |a 515 |2 (23) | |
| 100 | 1 | |a Maxwell, E. A. |q (Edwin Arthur) | |
| 245 | 1 | 0 | |a An analytical calculus for school and university / |c E. A. Maxwell. |
| 260 | |a Cambridge: |b University Press, |c c1966-1968. | ||
| 300 | |a 4τ. : |b |c 22 εκ. | ||
| 500 | |a Τ.3: Differential equations and analysis. | ||
| 504 | |a Περιλαμβάνει ευρετήριο. | ||
| 650 | 0 | |a Calculus | |
| 852 | |a INST |b CHIOS |c EUDOXUS |e 20160908 |h 515 MAX |p 005200037180 |q 005200037180 |t BK |v τομ.3: |y 0 | ||
| 852 | |a INST |b CHIOS |c EUDOXUS |e 20160908 |h 515 MAX |p 005200037181 |q 005200037181 |t BK |v τομ.2: |y 0 | ||
| 852 | |a INST |b CHIOS |c EUDOXUS |e 20160908 |h 515 MAX |p 005200037182 |q 005200037182 |t BK |v τομ.1: |y 0 | ||
| 852 | |a INST |b CHIOS |c EUDOXUS |e 20160908 |h 515 MAX |p 005200039033 |q 005200039033 |t BK |v τομ.4: |y 0 | ||
| 853 | |a INST |b CHIOS |c EUDOXUS |h 515 MAX | ||
| 920 | |a Εύδοξος |b Παραγγελία |y Χίος-ΤΜΟΔ |z 2016-06 | ||
| 970 | |a Σπέντζα |b Ελένη |z 08-09-2016 | ||